000 00736nam a2200229Ii 4500
003 JO-AjNU
008 230605s9999||||xx |||||||||||||| ||und||
017 _a1428/1352
020 _a9960-57-321
040 _aJO-AjNU
_bara
_erda
_cJO-AjNU
041 _aara
050 1 4 _aBP75.2 2007
100 3 _aاعداد المحمدي، مها,
_eauthor
_948782
245 0 0 _aمعين السيرة النبوية: دراسة مبسطة للمعلمة والطالبة
250 _aط1
264 3 1 _aالرياض: دار القاسم، 2007
300 _a136ص
336 _atext
_btxt
_2rdacontent
337 _aunmediated
_bn
_2rdamedia
338 _avolume
_bnc
_2rdacarrier
650 4 _aالسيرة النبوية - تعليم
_948783
999 _aA21386
_c24954
_d24954